Multiple-Choice-Stadtquiz Erfurt - Statistiken

Allgemein
  • Dieses Quiz wurde 1.236 mal gespielt
  • Das Durchschnittsergebnis liegt bei 7 aus 10
Antwortstatistiken
Frage Antwort % Korrekt
Von welchem Bundesland ist Erfurt die Landeshauptstadt? Thüringen
96%
Hierbei handelt es um eine Erfurter Spezialität: Thüringer ... Rostbratwurst
91%
Welches bekannte Kinderfernsehen hat seinen Sitz in Erfurt? KiKA
88%
Welcher Reformator studierte im frühen 16. Jahrhundert an der Universität Erfurt? Martin Luther
79%
Wie heißt die berühmte Brücke in Erfurt, die vollständig mit Häusern bebaut ist? Krämerbrücke
76%
Wie heißt der zentrale Platz in der Altstadt, an dem der Weihnachtsmarkt stattfindet? Domplatz
57%
Welcher Fluss fließt, verzweigt in mehrere Arme, durch die Erfurter Altstadt? Gera
56%
Wie heißt das beliebte Parkgelände im Südwesten der Stadt? egapark
45%
Wie heißt die barocke Festungsanlage über Erfurt? Zitadelle Petersberg
41%
Wie heißt die große katholische Kirche, die neben dem Dom steht und zusammen mit ihm das Stadtbild prägt? Severikirche
32%
Keine übereinstimmenden Quizze gefunden
Verteilung der Resultate
Anzahl Personen mit jedem Resultat
Perzentil nach korrekt beantworteten Fragen
Ihre Resultats-Entwicklung
Sie haben dieses Quiz noch nicht gespielt